<?xml version="1.0" encoding="UTF-8"?><marc:collection xmlns:marc="http://www.loc.gov/MARC21/slim">
  <marc:record>
    <marc:leader>00000nam##2200000za#4500</marc:leader>
    <marc:controlfield tag="001">9.599080</marc:controlfield>
    <marc:controlfield tag="003">CaOODSP</marc:controlfield>
    <marc:controlfield tag="005">20210624204904</marc:controlfield>
    <marc:controlfield tag="007">cr |||||||||||</marc:controlfield>
    <marc:controlfield tag="008">150406|1999||||xxc|||||o    f|0| 0 fre|d</marc:controlfield>
    <marc:datafield tag="040" ind1=" " ind2=" ">
      <marc:subfield code="a">CaOODSP</marc:subfield>
      <marc:subfield code="b">fre</marc:subfield>
    </marc:datafield>
    <marc:datafield tag="043" ind1=" " ind2=" ">
      <marc:subfield code="a">n-cn---</marc:subfield>
    </marc:datafield>
    <marc:datafield tag="086" ind1="1" ind2=" ">
      <marc:subfield code="a">BT31-2/2000-III-39F-PDF</marc:subfield>
    </marc:datafield>
    <marc:datafield tag="110" ind1="1" ind2=" ">
      <marc:subfield code="a">Canada. </marc:subfield>
      <marc:subfield code="b">Conseil du trésor.</marc:subfield>
    </marc:datafield>
    <marc:datafield tag="245" ind1="1" ind2="0">
      <marc:subfield code="a">CRSNG - NSERC, un rapport sur les plans et les priorités, budget des dépenses 1999-2000 </marc:subfield>
      <marc:subfield code="h">[ressource électronique]</marc:subfield>
    </marc:datafield>
    <marc:datafield tag="246" ind1="3" ind2=" ">
      <marc:subfield code="a">Conseil de recherche en sciences naturelles et en génie, un rapport sur les plans et les priorités, budget des dépenses 1999-2000</marc:subfield>
    </marc:datafield>
    <marc:datafield tag="260" ind1=" " ind2=" ">
      <marc:subfield code="b">Secrétariat du Conseil du Trésor du Canada </marc:subfield>
      <marc:subfield code="c">[1999].</marc:subfield>
    </marc:datafield>
    <marc:datafield tag="300" ind1=" " ind2=" ">
      <marc:subfield code="a">38p.</marc:subfield>
      <marc:subfield code="b">graphiques, organigrammes, références, tableaux</marc:subfield>
    </marc:datafield>
    <marc:datafield tag="490" ind1="1" ind2=" ">
      <marc:subfield code="a">Budget des dépenses 1999-2000. Partie III, Rapport sur les plans et les priorités </marc:subfield>
      <marc:subfield code="v">1999-2000</marc:subfield>
    </marc:datafield>
    <marc:datafield tag="500" ind1=" " ind2=" ">
      <marc:subfield code="a">"Investir dans les gens, la découverte et l’innovation".</marc:subfield>
    </marc:datafield>
    <marc:datafield tag="590" ind1=" " ind2=" ">
      <marc:subfield code="a">10-08-Supp</marc:subfield>
      <marc:subfield code="b">2010-10-06</marc:subfield>
    </marc:datafield>
    <marc:datafield tag="775" ind1="0" ind2="8">
      <marc:subfield code="t">NSERC - CRSNG, report on plans and priorities, 1999-2000 estimates </marc:subfield>
      <marc:subfield code="w">(CaOODSP)9.567756</marc:subfield>
    </marc:datafield>
    <marc:datafield tag="776" ind1="0" ind2="#">
      <marc:subfield code="t">Natural Sciences and Engineering Research Council of Canada </marc:subfield>
      <marc:subfield code="w">(CaOODSP)9.531640</marc:subfield>
    </marc:datafield>
    <marc:datafield tag="776" ind1="0" ind2="#">
      <marc:subfield code="t">Conseil de recherches en sciences naturelles et en génie du Canada </marc:subfield>
      <marc:subfield code="w">(CaOODSP)9.531641</marc:subfield>
    </marc:datafield>
    <marc:datafield tag="830" ind1="#" ind2="0">
      <marc:subfield code="a">Budget des dépenses 1999-2000. Partie III, Rapport sur les plans et les priorités ;</marc:subfield>
      <marc:subfield code="v">1999-2000</marc:subfield>
      <marc:subfield code="w">(CaOODSP)9.502119</marc:subfield>
    </marc:datafield>
    <marc:datafield tag="856" ind1="4" ind2="0">
      <marc:subfield code="a">http://publications.gc.ca</marc:subfield>
      <marc:subfield code="q">PDF</marc:subfield>
      <marc:subfield code="s">162 Ko</marc:subfield>
      <marc:subfield code="u">https://publications.gc.ca/collections/Collection/BT31-2-2000-III-39F.pdf</marc:subfield>
      <marc:subfield code="y">1999-2000</marc:subfield>
    </marc:datafield>
  </marc:record>
</marc:collection>
